Inland empire
Για τα πρώτα σαράντα περίπου λεπτά του, αφηγείται την ιστορία μιας ηθοποιού η οποία ταυτίζεται επικίνδυνα με την ηρωίδα που ερμηνεύει σε μια ταινία. Αμέσως μετά, μια απότομη ρήξη με τη λογική και κάθε συνοχή στέλνει την Ντερν και τους θεατές σε ένα τρομακτικό δαίδαλο υποπλοκών, ονείρου και πραγματι...
Αποθηκεύτηκε σε:
| Άλλοι συγγραφείς: | , , , , , |
|---|---|
| Μορφή: | |
| Γλώσσα: | English Greek |
| Δημοσίευση: |
[S.l.] :
Inland Empire Productions,
c2006.
|
| Σειρά: | Ταινιοθήκη του Σινεμά ;
84 |
| Θέματα: | |
| Ετικέτες: |
Προσθήκη ετικέτας
Δεν υπάρχουν, Καταχωρήστε ετικέτα πρώτοι!
|
MARC
| LEADER | 00000cgm a2200000 i 4500 | ||
|---|---|---|---|
| 001 | 1/100229 | ||
| 008 | 090115s2006 xx ||| | || ||eng|| | ||
| 035 | |l 10102775 | ||
| 040 | |a GR-MyUa |b gre |e AACR2 | ||
| 041 | 0 | |a eng |j gre | |
| 082 | 7 | |a 791.437 |2 (22) | |
| 245 | 0 | 0 | |a Inland empire |h [μαγνητοσκόπηση] / |c σενάριο, σκηνοθεσία: Ντέϊβιβτ Λίντς. |
| 260 | |a [S.l.] : |b Inland Empire Productions, |c c2006. | ||
| 300 | |a 1 βιντεοδίσκος (180 λεπτ.) : |b ομίλ., έγχρ. ; |c 4 3/4 ίν. | ||
| 490 | 1 | |a (Η ταινιοθήκη του Σινεμά ; |v 84) | |
| 500 | |a Διανέμεται δωρεάν με το τεύχ. 201 (Ιούν. 08) του περιοδικού Σινεμά. | ||
| 500 | |a Κυκλοφόρησε πρώτη φορά ως κινηματογραφική ταινία το 2006. | ||
| 508 | |a Φωτογραφία, Ντέϊβιντ Λίντς ; μοντάζ, Ντέϊβιντ Λίντς ; μουσική, Άντζελο Μπανταλάμεντι ; παραγωγή, Μέρι Σουίνι, Ντέϊβιντ Λίντς. | ||
| 511 | 0 | |a Λόρα Ντέρν, Τζέρεμι Αϊρονς, Τζάστιν Θέρου, Χάρι Ντιν Στάντον, Τζούλια Όρμοντ. | |
| 520 | 8 | |a Για τα πρώτα σαράντα περίπου λεπτά του, αφηγείται την ιστορία μιας ηθοποιού η οποία ταυτίζεται επικίνδυνα με την ηρωίδα που ερμηνεύει σε μια ταινία. Αμέσως μετά, μια απότομη ρήξη με τη λογική και κάθε συνοχή στέλνει την Ντερν και τους θεατές σε ένα τρομακτικό δαίδαλο υποπλοκών, ονείρου και πραγματικότητας. | |
| 546 | |a Στα αγγλικά με υπότιτλους στα ελληνικά. | ||
| 655 | 7 | |a Feature films |2 lcgft | |
| 650 | 0 | |a Motion picture actors and actresses |v Drama. | |
| 700 | 1 | |a Lynch, David, |d 1946- |e aus |e drt | |
| 700 | 1 | |a Dern, Laura, |e act | |
| 700 | 1 | |a Irons, Jeremy, |d 1948- |e act | |
| 700 | 1 | |a Theroux, Justin, |e act | |
| 700 | 1 | |a Stanton, Harry Dean, |d 1926-2017, |e act | |
| 700 | 1 | |a Ormond, Julia, |e act | |
| 830 | 0 | |a Ταινιοθήκη του Σινεμά ; |v 84 | |
| 852 | |a INST |b SYROS |c AV |e 20090115 |h 791.437 LYN |p 005500008765 |q 005500008765 |t DVD |y 23 | ||
| 901 | |a BIBL5-2008-1 | ||
| 970 | |a Κοντού |b Παρασκευή |z 15/01/2009 | ||